Manufactura del Buen Retiro (Record no. 459)

MARC details
000 -CABECERA
campo de control de longitud fija 00914nam a2200217 a 4500
001 - NÚMERO DE CONTROL
campo de control BRCA_527
005 - FECHA Y HORA DE LA ÚLTIMA TRANSACCIÓN
campo de control 20190320203040.0
008 - DATOS DE LONGITUD FIJA--INFORMACIÓN GENERAL
campo de control de longitud fija 000512s1999 sp-a---##b---s000-0#spa-#
020 ## - NÚMERO INTERNACIONAL ESTÁNDAR DEL LIBRO
Número Internacional Estándar del Libro 8436932064
040 ## - FUENTE DE LA CATALOGACIÓN
Centro catalogador/agencia de origen DLC
Centro/agencia transcriptor DLC
050 #4 - SIGNATURA TOPOGRÁFICA DE LA BIBLIOTECA DEL CONGRESO
Número de clasificación NK4210.B9
Número de documento/Ítem .M36 1999
245 10 - MENCIÓN DE TÍTULO
Título Manufactura del Buen Retiro
Resto del título 1760-1808.
260 ## - PUBLICACIÓN, DISTRIBUCIÓN, ETC.
Lugar de publicación, distribución, etc. Madrid
Nombre del editor, distribuidor, etc. Museo Arqueológico Nacional : Ministerio de Educación y Cultura : Comunidad de Madrid
Fecha de publicación, distribución, etc. 1999
300 ## - DESCRIPCIÓN FÍSICA
Extensión 543 p. (+ 1 folleto)
Otras características físicas il. (algunas a color)
Dimensiones 30 cm.
500 ## - NOTA GENERAL
Nota general Incluye ´Relación de artifices que trabajaron en la manufactura´
500 ## - NOTA GENERAL
Nota general Catálogo de la exposición realizada en el Museo Arqueológico Nacional, Madrid, 1999
504 ## - NOTA DE BIBLIOGRAFÍA, ETC.
Nota de bibliografía, etc. Bibliografía: p. 535-543
650 14 - PUNTO DE ACCESO ADICIONAL DE MATERIA--TÉRMINO DE MATERIA
Término de materia o nombre geográfico como elemento de entrada Real Fábrica de Porcelana del Buen Retiro (España)
Subdivisión de forma Exposiciones
Subdivisión general Historia
9 (RLIN) 1819
650 14 - PUNTO DE ACCESO ADICIONAL DE MATERIA--TÉRMINO DE MATERIA
Término de materia o nombre geográfico como elemento de entrada Porcelana española
Subdivisión de forma Exposiciones
Subdivisión cronológica Siglo XVIII
Subdivisión geográfica España
9 (RLIN) 1820
942 ## - ELEMENTOS DE PUNTO DE ACCESO ADICIONAL (KOHA)
Fuente del sistema de clasificación o colocación Library of Congress Classification
Tipo de ítem Koha Libros
Holdings
Estado de retiro Estado de pérdida Estado dañado No para préstamo Localización permanente Ubicación/localización actual Fecha de adquisición Total de préstamos Signatura topográfica completa Código de barras Fecha visto por última vez Precio válido a partir de Tipo de ítem Koha
El ejemplar forma parte de la colección y puede ser consultado según las políticas vigentes.       Biblioteca del Museo Franz Mayer (Rogerio Casas-Alatriste) Biblioteca del Museo Franz Mayer (Rogerio Casas-Alatriste) 25/06/2008   NK4210.B9 .M36 1999 00842 22/03/2019 22/03/2019 Libros